Distributed Natural Language Inference

Gespeichert in:
Bibliographische Detailangaben
1. Verfasser: Oksanich, Oleksandr (Verfasst von)
Weitere Verfasser: Lytvyn, Oleksandr (Betreuung Doktorarbeit)
Format: Manuskript Buch
Sprache:Slowakisch
Englisch
Veröffentlicht: 2025
Schlagworte:
Online-Zugang:http://is.stuba.sk/zp/portal_zp.pl?podrobnosti=178254
Tags: Tag hinzufügen
Keine Tags, Fügen Sie das erste Tag hinzu!

MARC

LEADER 00000ntm a22000003a 4500
001 stuzp102821
003 SK-STU
005 20250614211501.4
007 ta
008 150427s2015----xo-----f-mn---000-0-slo-d
040 |a STU  |b slo 
041 0 |a eng 
100 1 |a Oksanich, Oleksandr  |u 070200  |4 aut  |U FIIT Fakulta informatiky a informačných technológií  |T FIIT Ústav informatiky, informačných systémov a softvérového inžinierstva  |X 122480  |U I200  |Y 179  |7 122480 
242 0 1 |a Distribuovaná inferencia prirodzeného jazyka  |y slo 
245 1 0 |a Distributed Natural Language Inference 
260 |c 2025 
650 4 |a machine learning  |2 eng 
650 4 |a sentiment analysis  |2 eng 
650 4 |a transformer models  |2 eng 
650 4 |a federated learning  |2 eng 
650 4 |a deep learning  |2 eng 
650 4 |a artificial intelligence  |2 eng 
650 4 |a natural language inference  |2 eng 
650 4 |a natural language processing  |2 eng 
650 4 |a analýza sentimentu  |2 slo 
650 4 |a transformer modely  |2 slo 
650 4 |a hlboké učenie  |2 slo 
650 4 |a inferencia prirodzeného jazyka  |2 slo 
650 4 |a spracovanie prirodzeného jazyka  |2 slo 
650 4 |a federatívne učenie  |2 slo 
650 4 |a strojové učenie  |2 slo 
650 4 |a umelá inteligencia  |2 slo 
700 1 |a Lytvyn, Oleksandr  |u 070200  |k Z3  |4 ths  |U FIIT Fakulta informatiky a informačných technológií  |T FIIT Ústav informatiky, informačných systémov a softvérového inžinierstva  |X 111742  |U I200  |Y 179  |7 111742 
856 4 |u http://is.stuba.sk/zp/portal_zp.pl?podrobnosti=178254